| 000 | 00000nam##2200000za#4500 |
| 001 | 9.676038 |
| 003 | CaOODSP |
| 005 | 20250403105551 |
| 007 | cr ||||||||||| |
| 008 | 150407|1993||||xxc|||||o f|0| 0 fre|d |
| 040 | |aCaOODSP|bfre |
| 041 | |aeng |
| 041 | |afre |
| 043 | |an-cn--- |
| 086 | 1 |aCS94-319/1993-PDF |
| 245 | 00|aRétention et transfert linguistiques 1991 |h[ressource électronique] |
| 246 | 1 |iDeuxième titre de série imprimé sur la couverture : |aDimensions |
| 260 | |aOttawa - Ontario : |bStatistique Canada |c1993. |
| 500 | |aPublication du recensement historique numérisé par Statistique Canada. |
| 590 | |a13-04-Supp|b2013-02-13 |
| 691 | 07|aDonnées du recensement|2gcpds |
| 691 | 07|aLangue|2gcpds |
| 710 | 2 |aStatistique Canada. |
| 791 | |tLanguage retention and transfer 1991 |eeng|w(CaOODSP)9.676037 |
| 856 | 40|ahttp://publications.gc.ca|qPDF|s8.4 Mo|uhttps://publications.gc.ca/collections/collection_2013/statcan/rh-hc/CS94-319-1993.pdf |